Leadership for church education, (Record no. 637)

MARC details
000 -LEADER
fixed length control field 00763cam a2200289 4500
001 - CONTROL NUMBER
control field 24896
003 - CONTROL NUMBER IDENTIFIER
control field GBCCL
005 - DATE AND TIME OF LATEST TRANSACTION
control field 20241126110342.0
008 - FIXED-LENGTH DATA ELEMENTS--GENERAL INFORMATION
fixed length control field 700923s1970 ilu b 001 0 eng
010 ## -
-- 79104826
020 ## - INTERNATIONAL STANDARD BOOK NUMBER
International Standard Book Number 0802446051
035 ## - SYSTEM CONTROL NUMBER
System control number (OCoLC)00111921
040 ## - CATALOGING SOURCE
Original cataloging agency DLC
Transcribing agency DLC
049 ## -
-- LBBK
-- 1-2
050 0# -
-- BV1471.2
-- .G3
082 0# - DEWEY DECIMAL CLASSIFICATION NUMBER
Classification number 262.1
Item number GAN
092 ## - LOCALLY ASSIGNED DEWEY CALL NUMBER (OCLC)
Classification number 259.1
Item number G197l
100 1# - MAIN ENTRY--PERSONAL NAME
Personal name Gangel, Kenneth O.
245 10 - TITLE STATEMENT
Title Leadership for church education,
Statement of responsibility, etc. by Kenneth O. Gangel.
260 ## - PUBLICATION, DISTRIBUTION, ETC.
Place of publication, distribution, etc. Chicago,
Name of publisher, distributor, etc. Moody Press
Date of publication, distribution, etc. [1970]
300 ## - PHYSICAL DESCRIPTION
Extent 392 p.
Dimensions 24 cm.
504 ## - BIBLIOGRAPHY, ETC. NOTE
Bibliography, etc. note Includes bibliographies.
520 ## - SUMMARY, ETC.
Summary, etc. Lloyd M. Perry Collection.
650 #0 - SUBJECT ADDED ENTRY--TOPICAL TERM
Topical term or geographic name entry element Christian education.
650 #0 - SUBJECT ADDED ENTRY--TOPICAL TERM
Topical term or geographic name entry element Christian leadership.
942 ## - ADDED ENTRY ELEMENTS (KOHA)
Source of classification or shelving scheme Dewey Decimal Classification
Koha item type Books
Koha issues (borrowed), all copies 6
Holdings
Withdrawn status Lost status Source of classification or shelving scheme Damaged status Not for loan Home library Current Library Shelving location Date acquired Total checkouts Full call number Barcode Date last seen Date last checked out Copy number Price effective from Koha item type
    Dewey Decimal Classification     GRACE BIBLE COLLEGE GRACE BIBLE COLLEGE Ministry & Mission 2016-11-25 6 262.1 GAN 000425 2025-05-01 2024-07-23 c.1 2016-11-25 Books
© Grace Bible College Library 2025